000 01148nam a2200445 a 4500
003 AR-BaBNM
005 20251128204752.0
008 082120s2002 ||||||||||||||000 | spa||
020 _a84-241-2926-1
040 _cAR-BaBNM
245 0 0 _aEl libro de la mujer
260 _aLeón
_bEverest
_c1990
300 _a416 p.
_bil., tablas, diagr.
500 _aContiene tablas en p.: 400-402
500 _aGlosario:p. 403-407
500 _aIndice de direcciones útiles en p. 408-410
500 _aIndice alfabético: p. 411-416
650 4 _aSEXUALIDAD
650 4 _aMUJERES
650 4 _aSALUD MENTAL
650 4 _aDESARROLLO MENTAL
650 4 _aDIETETICA
650 4 _aPARTO
650 4 _aANTICONCEPCION
650 4 _aEMBARAZO
650 4 _aVIOLENCIA
650 4 _aENFERMEDADES
650 4 _aNEUROSIS
650 4 _aDEPRESION
650 4 _aREPRODUCCION
650 4 _aHIGIENE
650 4 _aMENOPAUSIA
650 4 _aMEDICOS
650 4 _aEDUCACION SEXUAL
650 4 _aTRASTORNOS PSICOSOMATICOS
700 1 _aPinkus, Susan
_eeditor
700 1 _aCruz Herce, Alfredo
_etraductor
942 _cBK
998 _cSILVI
999 _c8745
_d8745